| 000 | 00845nam a2200217 4500 | ||
|---|---|---|---|
| 001 | 1451 | ||
| 005 | 20181127163327.0 | ||
| 010 | 0 | 0 | _a |
| 020 | 0 | 0 | _a8186423427 |
| 090 | 0 | 0 | _a821.3 R169s 2009 |
| 100 | 0 | 0 | _aRamdev, Rina. |
| 245 | 0 | 0 |
_aSidney, Spencer and Donne : _bA critical introduction / _cedited by Rina Ramdev. _h |
| 250 | 0 | 0 | _a |
| 260 | 0 | 0 |
_aDelhi : _bWorldview, _c2009. |
| 300 | 0 | 0 | _axxiii, 290 p. |
| 500 | 0 | 0 | _a |
| 600 |
_aDonne, John, 1572-1631 --Criticism and interpretation. _b _c _d _e _f _k _l _m _n _o _p _q _r _s _t _v _x _y _z _2 |
||
| 600 |
_aSidney, Philip, Sir, 1554-1586--Criticism and interpretation. _b _c _d _e _f _k _l _m _n _o _p _q _r _s _t _v _x _y _z _2 |
||
| 600 |
_aSpenser, Edmund, 1552?-1599--Criticism and interpretation. _b _c _d _e _f _k _l _m _n _o _p _q _r _s _t _v _x _y _z _2 |
||
| 650 | 0 | 0 |
_aEnglish poetry --Early modern, 1500-1700 --History and criticism. _x |
| 999 |
_c1078 _d1078 |
||